000 00594nam a22001817a 4500
003 OSt
005 20260211102552.0
008 260211b |||||||| |||| 00| 0 eng d
015 _a0078258707
020 _a0078258707
040 _cGlencoe McGraw-Hill
050 _aQD 31.3 .P45 2002
_b .P45 2002
245 _aCHEMISTRY:
_bCONCEPTS AND APPICATIONS/
_cWistrom, Philips Strozak
250 _a1st edition
260 _aNewYork:
_bGlencoe/McGraw-Hill ,
_c2002
300 _axxii,889 pages,
_bhardcover,ill.: col, includes bibliograhic references and index.;
_c28.3 cm
942 _2lcc
_cBK
_e1st ed.
_n0
999 _c9955
_d9955